| 000 | 00664nam a2200205Ia 4500 | ||
|---|---|---|---|
| 003 | GCL | ||
| 008 | 140319s9999 xx 000 0 ara d | ||
| 040 |
_aGCL / _cGCL |
||
| 082 | 0 | 4 |
_a721 _bم ع |
| 100 | 1 | _aمحيى الدين سلقينى | |
| 245 | 1 | 0 |
_aالعمارة البيئية / _cمحيى الدين سلقينى |
| 250 | _aالاولى | ||
| 260 |
_a[S.N] : _bدار قابس للطباعة والنشر والتوزيع ، _c1994 |
||
| 300 |
_a230 ص ؛ _c24 سم |
||
| 650 | 0 | 4 | _aالعمارة |
| 650 | 0 | 4 | _aالمبانى العامة |
| 650 | 0 | 4 | _aالعمارة - تصميمات |
| 650 | 0 | 4 | _aالبيئة والعمارة |
| 942 |
_2ddc _cBK |
||
| 999 |
_c5419 _d5419 |
||